A TEXTBOOK OF PHARMACOLOGY-I (Record no. 5772)

MARC details
000 -LEADER
fixed length control field 00365nam a22001457a 4500
005 - DATE AND TIME OF LATEST TRANSACTION
control field 20210827151520.0
008 - FIXED-LENGTH DATA ELEMENTS--GENERAL INFORMATION
fixed length control field 190326b xxu||||| |||| 00| 0 eng d
020 ## - INTERNATIONAL STANDARD BOOK NUMBER
ISBN 978-93-88293-84-6
041 ## - LANGUAGE CODE
Language code of text/sound track or separate title eng
100 ## - MAIN ENTRY--AUTHOR NAME
Personal name BHISE, DR. S.B. AND OTHERS
245 ## - TITLE STATEMENT
Title A TEXTBOOK OF PHARMACOLOGY-I
260 ## - PUBLICATION, DISTRIBUTION, ETC. (IMPRINT)
Place of publication 2019
Name of publisher NIRALI PRAKASHAN
300 ## - PHYSICAL DESCRIPTION
Number of Pages A.18 p,
942 ## - ADDED ENTRY ELEMENTS (KOHA)
Koha item type Books
Holdings
Lost status Damaged status Collection code Home library Current library Shelving location Date acquired Source of acquisition Cost, normal purchase price Accession Number Koha item type
    Reference JRU Library JRU Library SHELF-4-A 26/03/2019 PURCHESS 225.00 22495 Books
    PHARMACY JRU Library JRU Library Shelf - 21- B 26/03/2019 PURCHESS 225.00 22496 Books
    PHARMACY JRU Library JRU Library Shelf - 23- B 26/03/2019 PURCHESS 225.00 22497 Books